[Event "Moscow Aeroflot op-A"]
[Site "Moscow"]
[Date "2024.03.05"]
[Round "6"]
[White "Kovanova, Baira"]
[Black "Gharibyan, Mamikon"]
[Result "1/2-1/2"]
[WhiteElo "2304"]
[BlackElo "2499"]
[PlyCount "71"]
[EventDate "2024.03.03"]
[EventType "swiss"]
[EventRounds "9"]
[EventCountry "RUS"]
[SourceTitle "CB11_2024"]
[SourceDate "2024.03.13"]
[SourceVersion "1"]
[SourceVersionDate "2024.03.13"]
[SourceQuality "1"]

1. e4 c5 2. Nf3 Nc6 3. Bb5 g6 4. 0-0 Bg7 5. Re1 e5 6. Bxc6 dxc6 7. d3 Qc7 8. a4 a5 9. Na3 Nf6 10. Nc4 Nd7 11. Be3 b6 12. Qd2 0-0 13. Bh6 Re8 14. h3 Nf8 15. Nh2 f6 16. Ng4 g5 17. Nce3 Ng6 18. g3 Bxg4 19. Nxg4 Qf7 20. Re3 Kh8 21. Rf3 Bxh6 22. Nxh6 Qg7 23. Nf5 Qd7 24. Kg2 Ne7 25. Rh1 Nxf5 26. Rxf5 Re6 27. Qe2 Rg8 28. Qg4 Rg6 29. b3 Re7 30. h4 gxh4 31. Qxh4 Rf7 32. Qh5 Kg8 33. Qf3 Qe6 34. Qe3 Rfg7 35. Qf3 Rf7 36. Qe3 1/2-1/2

[Event "Chessable Masters Play In"]
[Site "Chess.com INT"]
[Date "2024.01.31"]
[Round "2"]
[White "Gharibyan, Mamikon"]
[Black "Grischuk, Alexander"]
[Result "0-1"]
[WhiteElo "2504"]
[BlackElo "2732"]
[PlyCount "186"]
[EventDate "2024.01.31"]
[EventType "swiss (rapid)"]
[EventRounds "9"]
[EventCountry "USA"]
[SourceTitle "CB06_2024"]
[SourceDate "2024.02.07"]
[SourceVersion "1"]
[SourceVersionDate "2024.02.07"]
[SourceQuality "1"]

1. e4 e5 2. Nf3 Nc6 3. Bb5 Nf6 4. d3 Bc5 5. c3 0-0 6. 0-0 d6 7. Nbd2 Ne7 8. Re1 Ng6 9. h3 c6 10. Ba4 Bb6 11. d4 exd4 12. cxd4 d5 13. e5 Nh5 14. Bc2 Nhf4 15. Nf1 f6 16. Ng3 fxe5 17. Nxe5 Nxe5 18. Rxe5 Qh4 19. Be3 Bc7 20. Nf5 Bxf5 21. Rxf5 Rxf5 22. Bxf5 Rf8 23. Qg4 Qf6 24. Bc2 Bb6 25. Rd1 g6 26. g3 Ne6 27. h4 Ng7 28. Kg2 Nf5 29. Bg5 Qe6 30. Bxf5 Qxf5 31. Qxf5 gxf5 32. Kf3 Re8 33. Kf4 Re4+ 34. Kxf5 Bxd4 35. f3 Re5+ 36. Kg4 Bxb2 37. f4 Re2 38. Kf5 Kf7 39. g4 d4 40. h5 c5 41. Bf6 Bc3 42. g5 Rg2 43. Rh1 b5 44. g6+ Kg8 45. Ke6 Re2+ 46. Kd5 b4 47. f5 d3 48. Bxc3 bxc3 49. f6 Rf2 50. f7+ Kg7 51. Kc4 hxg6 52. hxg6 Kxg6 53. Kxc3 Kxf7 54. Rh7+ Ke6 55. Rxa7 d2 56. Kc2 c4 57. Rc7 Kd5 58. Rc8 Kd4 59. Rd8+ Ke3 60. a4 Rf1 61. Re8+ Kd4 62. Kxd2 Rf2+ 63. Kd1 Kd3 64. Rd8+ Kc3 65. a5 Rf1+ 66. Ke2 Ra1 67. Ra8 Kc2 68. a6 c3 69. Ra7 Ra5 70. Ke3 Kd1 71. Rd7+ Kc1 72. a7 c2 73. Rc7 Ra3+ 74. Ke2 Kb1 75. Kd2 Rxa7 76. Rxa7 c1Q+ 77. Kd3 Qf1+ 78. Kc3 Qf3+ 79. Kb4 Qd5 80. Ra5 Qd4+ 81. Kb5 Kb2 82. Ra4 Qd5+ 83. Kb6 Kb3 84. Ra5 Qd6+ 85. Kb5 Qb4+ 86. Ka6 Kc4 87. Ra2 Kc5 88. Rc2+ Kd6 89. Rc8 Kd7 90. Ra8 Kc7 91. Ra7+ Kc6 92. Rc7+ Kxc7 93. Ka7 Qa4# 0-1

[Event "Chessable Masters Play In"]
[Site "Chess.com INT"]
[Date "2024.01.31"]
[Round "4"]
[White "Gharibyan, Mamikon"]
[Black "Khanin, Semen"]
[Result "0-1"]
[WhiteElo "2504"]
[BlackElo "2558"]
[PlyCount "148"]
[EventDate "2024.01.31"]
[EventType "swiss (rapid)"]
[EventRounds "9"]
[EventCountry "USA"]
[SourceTitle "CB06_2024"]
[SourceDate "2024.02.07"]
[SourceVersion "1"]
[SourceVersionDate "2024.02.07"]
[SourceQuality "1"]

1. e4 e5 2. Nf3 Nc6 3. Bb5 a6 4. Ba4 Nf6 5. 0-0 Be7 6. d3 b5 7. Bb3 d6 8. Bd2 0-0 9. Re1 Rb8 10. h3 a5 11. a4 b4 12. Be3 d5 13. exd5 Nxd5 14. Nbd2 Nxe3 15. Rxe3 Bc5 16. Re4 Bb7 17. Re1 Ba7 18. Nc4 Qf6 19. c3 Ba8 20. Qc2 bxc3 21. bxc3 Qg6 22. Re4 Kh8 23. Ba2 Rbe8 24. Rae1 f5 25. R4e2 Nd4 26. Nh4 Nf3+ 27. Nxf3 Bxf3 28. Ne3 f4 29. Ng4 Bxe2 30. Qxe2 f3 31. gxf3 h5 32. Kg2 Qg5 33. Rh1 g6 34. h4 Qf4 35. Ne3 Bxe3 36. Qxe3 Qxe3 37. fxe3 Rb8 38. Bd5 Rb2+ 39. Kg3 Rc2 40. Rb1 Rxc3 41. Be4 Ra3 42. Rb5 Rxa4 43. Rxe5 Ra1 44. f4 a4 45. Bxg6 Rg1+ 46. Kf2 Rxg6 47. Rxh5+ Kg7 48. Ra5 Rh8 49. f5 Rf6 50. Kg3 Rd8 51. d4 Re8 52. Kf4 Rh6 53. Ra7 Rxh4+ 54. Kg5 Rhe4 55. Rxc7+ Kh8 56. f6 Rxe3 57. Ra7 a3 58. d5 Rd3 59. Kh6 Rh3+ 60. Kg6 Rg8+ 61. Kf5 Rh5+ 62. Ke6 Re8+ 63. Kf7 Rh7+ 64. Kxe8 Rxa7 65. f7 Rxf7 66. Kxf7 a2 67. d6 a1Q 68. d7 Qd4 69. Ke8 Qe5+ 70. Kf8 Qd6+ 71. Ke8 Qe6+ 72. Kf8 Qf6+ 73. Ke8 Kg7 74. d8N Qd6 0-1

[Event "ARM-ch HL 84th"]
[Site "Yerevan"]
[Date "2024.01.12"]
[Round "1"]
[White "Ter Sahakyan, Samvel"]
[Black "Gharibyan, Mamikon"]
[Result "1/2-1/2"]
[WhiteElo "2649"]
[BlackElo "2504"]
[PlyCount "55"]
[EventDate "2024.01.12"]
[EventType "tourn"]
[EventRounds "9"]
[EventCountry "ARM"]
[EventCategory "10"]
[SourceTitle "CB04_2024"]
[SourceDate "2023.10.16"]
[SourceVersion "1"]
[SourceVersionDate "2023.10.16"]
[SourceQuality "1"]

1. e4 e5 2. Nf3 Nc6 3. Bb5 a6 4. Ba4 Nf6 5. 0-0 Be7 6. Re1 b5 7. Bb3 0-0 8. a4 Rb8 9. d3 d6 10. c3 b4 11. Nbd2 bxc3 12. bxc3 d5 13. Qc2 dxe4 14. Nxe4 Bg4 15. Nfd2 Nxe4 16. dxe4 Bc5 17. Nf1 Na5 18. Ba2 Qf6 19. Be3 Bd6 20. Rab1 Be6 21. Nd2 Qe7 22. h3 h6 23. Rxb8 Rxb8 24. Rb1 Rd8 25. Kh2 Kh7 26. Kg1 Kg8 27. Kh2 Kh7 28. Kg1 1/2-1/2

[Event "Wch Blitz"]
[Site "Samarkand"]
[Date "2023.12.30"]
[Round "14"]
[White "Gharibyan, Mamikon"]
[Black "Paravyan, David"]
[Result "1/2-1/2"]
[WhiteElo "2504"]
[BlackElo "2612"]
[PlyCount "154"]
[EventDate "2023.12.29"]
[EventType "swiss (blitz)"]
[EventRounds "21"]
[EventCountry "UZB"]
[SourceTitle "CB01_2024"]
[SourceDate "2024.01.03"]
[SourceVersion "1"]
[SourceVersionDate "2024.01.03"]
[SourceQuality "1"]

1. e4 e5 2. Nf3 Nf6 3. Nxe5 d6 4. Nf3 Nxe4 5. d4 d5 6. Bd3 Bd6 7. 0-0 0-0 8. c4 c6 9. Nc3 Nxc3 10. bxc3 dxc4 11. Bxc4 Bg4 12. h3 Bh5 13. g4 Bg6 14. Ne5 b5 15. Nxg6 hxg6 16. Bb3 Nd7 17. Qf3 Rc8 18. a4 a5 19. Kg2 Nb6 20. axb5 a4 21. Bxa4 Ra8 22. Qxc6 Nxa4 23. Bd2 Rc8 24. Qf3 Nb6 25. Ra6 Nc4 26. Bc1 Bb8 27. Rc6 Qd7 28. Re1 Rxc6 29. bxc6 Qd6 30. d5 f5 31. g5 Ne5 32. Qd1 Nxc6 33. f4 Na5 34. Re6 Qc5 35. Rxg6 Rd8 36. Re6 Bd6 37. Qd3 Bf8 38. Re5 g6 39. Be3 Qc4 40. Qd1 Qxc3 41. Bd4 Qc4 42. Ba1 Nb3 43. Bb2 Nc5 44. h4 Qxf4 45. Qe2 Ne4 46. Re6 Qg3+ 47. Kf1 Qh3+ 48. Ke1 Bb4+ 49. Kd1 Qb3+ 50. Qc2 Nf2+ 51. Kc1 Nd3+ 52. Kb1 Qxb2+ 53. Qxb2 Nxb2 54. Rxg6+ Kh7 55. Rh6+ Kg7 56. Kxb2 Rxd5 57. Kc2 Be7 58. Re6 Kf7 59. Rh6 f4 60. g6+ Kf6 61. Rh7 Re5 62. h5 Ke6 63. g7 Rg5 64. h6 f3 65. Kd3 f2 66. Ke2 Bc5 67. Rh8 Re5+ 68. Kd2 Rd5+ 69. Kc2 Rg5 70. Rf8 Rg2 71. Kd3 Rg1 72. h7 Rxg7 73. h8Q Bxf8 74. Qxf8 Rf7 75. Qe8+ Kf6 76. Ke2 Re7+ 77. Qxe7+ Kxe7 1/2-1/2

[Event "Wch Blitz"]
[Site "Samarkand"]
[Date "2023.12.30"]
[Round "17"]
[White "Orozbaev, Eldiar"]
[Black "Gharibyan, Mamikon"]
[Result "1-0"]
[WhiteElo "2305"]
[BlackElo "2504"]
[PlyCount "42"]
[EventDate "2023.12.29"]
[EventType "swiss (blitz)"]
[EventRounds "21"]
[EventCountry "UZB"]
[SourceTitle "CB01_2024"]
[SourceDate "2024.01.03"]
[SourceVersion "1"]
[SourceVersionDate "2024.01.03"]
[SourceQuality "1"]

1. e4 c5 2. c3 Qa5 3. Na3 e6 4. Nc4 Qc7 5. Nf3 Nc6 6. d4 cxd4 7. cxd4 d5 8. exd5 exd5 9. Nce5 Nf6 10. Bd3 Bd6 11. 0-0 0-0 12. Nxc6 bxc6 13. h3 Ne4 14. Qc2 Re8 15. Be3 Bd7 16. Rfe1 h6 17. a3 a5 18. Rac1 Qd8 19. Nd2 Qh4 20. Bxe4 dxe4 21. Nc4 Bc7 1-0

[Event "Wch Blitz"]
[Site "Samarkand"]
[Date "2023.12.30"]
[Round "19"]
[White "Rojas Salas, Steven"]
[Black "Gharibyan, Mamikon"]
[Result "1-0"]
[WhiteElo "2172"]
[BlackElo "2504"]
[PlyCount "89"]
[EventDate "2023.12.29"]
[EventType "swiss (blitz)"]
[EventRounds "21"]
[EventCountry "UZB"]
[SourceTitle "CB01_2024"]
[SourceDate "2024.01.03"]
[SourceVersion "1"]
[SourceVersionDate "2024.01.03"]
[SourceQuality "1"]

1. d4 Nf6 2. c4 e6 3. Nc3 d5 4. Nf3 Bb4 5. cxd5 exd5 6. Bg5 h6 7. Bxf6 Qxf6 8. Qa4+ Nc6 9. e3 0-0 10. Bb5 Bg4 11. Nd2 Bxc3 12. bxc3 Ne7 13. Qb3 Qg6 14. f3 Be6 15. Kf2 c5 16. Rac1 Rac8 17. h4 h5 18. Qa3 Nf5 19. Nf1 cxd4 20. exd4 Qh6 21. Re1 Qf6 22. Bd3 Nxh4 23. Ng3 g6 24. Re5 Rfe8 25. Qc1 Bg4 26. Qe3 Re6 27. Kg1 Bxf3 28. Rxe6 fxe6 29. gxf3 Nxf3+ 30. Kg2 Nh4+ 31. Rxh4 Rxc3 32. Rf4 Qe7 33. Qf3 Kg7 34. Qe2 h4 35. Nf1 Qg5+ 36. Kf3 Qh5+ 37. Rg4 h3 38. Ng3 Qh8 39. Rxg6+ Kf8 40. Rxe6 Qxd4 41. Re8+ Kg7 42. Qe7+ Kh6 43. Qh7+ Kg5 44. Qg6+ Kh4 45. Qh5# 1-0

[Event "Wch Blitz"]
[Site "Samarkand"]
[Date "2023.12.29"]
[Round "9"]
[White "Quparadze, Giga"]
[Black "Gharibyan, Mamikon"]
[Result "1-0"]
[WhiteElo "2491"]
[BlackElo "2504"]
[PlyCount "75"]
[EventDate "2023.12.29"]
[EventType "swiss (blitz)"]
[EventRounds "21"]
[EventCountry "UZB"]
[SourceTitle "CB01_2024"]
[SourceDate "2024.01.03"]
[SourceVersion "1"]
[SourceVersionDate "2024.01.03"]
[SourceQuality "1"]

1. e4 c5 2. Nf3 Nc6 3. Bb5 e6 4. 0-0 Nge7 5. c3 a6 6. Ba4 b5 7. Bc2 Bb7 8. a4 Rc8 9. Re1 Ng6 10. Na3 b4 11. Nc4 Na5 12. Nxa5 Qxa5 13. cxb4 cxb4 14. d4 Bd6 15. Bb3 0-0 16. d5 exd5 17. exd5 Rfe8 18. Be3 Bf4 19. Qd4 Bxe3 20. fxe3 Qc5 21. Rad1 d6 22. Qxc5 Rxc5 23. e4 Kf8 24. Nd4 Ne5 25. Rf1 a5 26. Ne6+ Ke7 27. Nxc5 dxc5 28. d6+ Kd7 29. Bxf7 Rc8 30. Rf5 Ng4 31. Bc4 Ne3 32. Rf7+ Kc6 33. Bb5+ Kb6 34. Rd3 Nc2 35. d7 Rd8 36. e5 Nd4 37. Rxd4 cxd4 38. e6 1-0

[Event "Wch Rapid"]
[Site "Samarkand"]
[Date "2023.12.27"]
[Round "7"]
[White "Gharibyan, Mamikon"]
[Black "Martirosyan, Haik M"]
[Result "0-1"]
[WhiteElo "2504"]
[BlackElo "2678"]
[PlyCount "126"]
[EventDate "2023.12.26"]
[EventType "swiss (rapid)"]
[EventRounds "13"]
[EventCountry "UZB"]
[SourceTitle "CB01_2024"]
[SourceDate "2024.01.03"]
[SourceVersion "1"]
[SourceVersionDate "2024.01.03"]
[SourceQuality "1"]

1. e4 c5 2. Nf3 Nc6 3. Bb5 e6 4. 0-0 Nge7 5. c3 a6 6. Ba4 b5 7. Bc2 Bb7 8. Re1 Rc8 9. a4 b4 10. d4 bxc3 11. d5 Nd4 12. bxc3 Nxc2 13. Qxc2 exd5 14. Qb3 dxe4 15. Qxb7 exf3 16. Qxf3 d5 17. Bf4 f6 18. Qh5+ g6 19. Qe2 Rc6 20. Nd2 Qd7 21. Rab1 Kf7 22. a5 Nc8 23. Rb8 Be7 24. Reb1 Re8 25. Qf3 Qe6 26. R8b7 Nd6 27. Bxd6 Rxd6 28. g3 Red8 29. Kg2 R8d7 30. R7b6 Bd8 31. Rb8 c4 32. Ra8 Bxa5 33. Rbb8 Rd8 34. Rb7+ R6d7 35. Rxd8 Bxd8 36. Rb8 f5 37. Qd1 Bf6 38. Nf3 Kg7 39. Qa4 Re7 40. Qa5 g5 41. Qd8 g4 42. Nh4 Kh6 43. Rb6 Qe4+ 44. Kg1 Kg7 45. Rb8 Qe1+ 46. Kg2 Qe4+ 47. Kg1 Bxh4 48. Qf8+ Kg6 49. Rb6+ Re6 50. Qg8+ Kf6 51. Qf8+ Kg5 52. gxh4+ Kxh4 53. Rb7 Qe1+ 54. Kg2 Qe4+ 55. Kg1 h5 56. Rh7 Qe1+ 57. Kg2 Qe4+ 58. Kg1 Kg5 59. Qh8 Kf4 60. Rxh5 Kf3 61. Rh3+ gxh3 62. Qxh3+ Ke2 63. Qf1+ Kd2 0-1

[Event "Titled Tuesday intern op 14th Nov Early"]
[Site "Chess.com INT"]
[Date "2023.11.14"]
[Round "1"]
[White "Kashtanov, Ruslan"]
[Black "Gharibyan, Mamikon"]
[Result "0-1"]
[WhiteElo "2357"]
[BlackElo "2504"]
[PlyCount "82"]
[EventDate "2023.11.14"]
[EventType "swiss (blitz)"]
[EventRounds "11"]
[EventCountry "USA"]
[SourceTitle "CB47_2023"]
[SourceDate "2023.11.22"]
[SourceVersion "1"]
[SourceVersionDate "2023.11.22"]
[SourceQuality "1"]

1. d4 d5 2. c4 e6 3. Nf3 Nf6 4. g3 Be7 5. Bg2 0-0 6. Nc3 Nbd7 7. 0-0 c6 8. Qd3 a6 9. e4 b5 10. cxd5 cxd5 11. exd5 Nxd5 12. Nxd5 exd5 13. h4 Nf6 14. Bf4 Ne4 15. Rac1 Bf5 16. Qb3 Bd6 17. Qxd5 Bxf4 18. Qxf5 Bxc1 19. Qxe4 Re8 20. Qb1 Bh6 21. Rd1 Rc8 22. Ne5 g6 23. Qd3 Bg7 24. Qb3 Bxe5 25. dxe5 Qe7 26. f4 Red8 27. Re1 Kg7 28. e6 fxe6 29. Rxe6 Qf7 30. Qe3 Rd7 31. Qe5+ Kg8 32. Bf3 Rd2 33. Bg2 h5 34. Re7 Rc1+ 35. Bf1 Rcc2 36. Rxf7 Kxf7 37. Qe4 Rxb2 38. Qb7+ Kf6 39. Qxa6+ Kf5 40. Qb6 b4 41. Qc5+ Kg4 0-1